Catálogo público

Orchard Pest Management : (Record no. 200805)

MARC details
000 -CABECERA
campo de control de longitud fija 00884nam a2200289Ia 4500
001 - NÚMERO DE CONTROL
campo de control Para_2222
003 - IDENTIFICADOR DEL NÚMERO DE CONTROL
campo de control CHAP
008 - DATOS DE LONGITUD FIJA--INFORMACIÓN GENERAL
campo de control de longitud fija 220125s1993 xx 000 0 und d
010 ## - NÚMERO DE CONTROL DE LA BIBLIOTECA DEL CONGRESO
Número de control de LC 200805
040 ## - FUENTE DE LA CATALOGACIÓN
Centro/agencia transcriptor CHAP
082 ## - NÚMERO DE LA CLASIFICACIÓN DECIMAL DEWEY
Número de clasificación PA 634.0497 B4
100 ## - ENTRADA PRINCIPAL--NOMBRE DE PERSONA
Nombre de persona Beers, Elizabeth H., ed.
9 (RLIN) 165654
245 ## - MENCIÓN DE TÍTULO
Título Orchard Pest Management :
Resto del título A resource book of the Pacific Northwest /
Mención de responsabilidad, etc. ed. por Elizabeth H. Beers...[and others]
260 ## - PUBLICACIÓN, DISTRIBUCIÓN, ETC.
Lugar de publicación, distribución, etc. Yakima, Washington :
Nombre del editor, distribuidor, etc. Good Fruit grower
300 ## - DESCRIPCIÓN FÍSICA
Extensión 276 p.
650 ## - PUNTO DE ACCESO ADICIONAL DE MATERIA--TÉRMINO DE MATERIA
Término de materia o nombre geográfico como elemento de entrada Arboles frutales
Subdivisión general enfermedades
9 (RLIN) 6674
650 ## - PUNTO DE ACCESO ADICIONAL DE MATERIA--TÉRMINO DE MATERIA
Término de materia o nombre geográfico como elemento de entrada Arboles frutales
Subdivisión general plagas
9 (RLIN) 6683
650 ## - PUNTO DE ACCESO ADICIONAL DE MATERIA--TÉRMINO DE MATERIA
Término de materia o nombre geográfico como elemento de entrada Fruta
Subdivisión general enfermedades
9 (RLIN) 43611
650 ## - PUNTO DE ACCESO ADICIONAL DE MATERIA--TÉRMINO DE MATERIA
Término de materia o nombre geográfico como elemento de entrada Fruta
Subdivisión general plagas
9 (RLIN) 43646
901 ## - ELEMENTOS DE DATOS A LOCAL LDA (RLIN)
a PA 634.0497 B4
902 ## - ELEMENTOS DE DATOS B LOCAL, LDB (RLIN)
a A
905 ## - ELEMENTOS DE DATOS E LOCAL, LDE (RLIN)
a 0000001993 ai 0000000000 00
910 ## - DATOS DE OPCIÓN DEL USUARIO (OCLC)
Datos de opción del usuario 1993
942 ## - ELEMENTOS DE PUNTO DE ACCESO ADICIONAL (KOHA)
Tipo de ítem Koha Parasitologia_
942 ## - ELEMENTOS DE PUNTO DE ACCESO ADICIONAL (KOHA)
Tipo de ítem Koha Parasitologia_
-- 1
Holdings
Estado de retiro Estado de pérdida Fuente del sistema de clasificación o colocación Estado dañado No para préstamo Código de colección Localización permanente Ubicación/localización actual Fecha de adquisición Número de inventario Total de préstamos Signatura topográfica completa Código de barras Fecha visto por última vez Número de copia Precio válido a partir de Tipo de ítem Koha Nota pública
    Dewey Decimal Classification     General Parasitologia Agricola Parasitologia Agricola 27/10/2005 (PA_7923) (No. UACh C/E)   PA 634.0497 B4 4102003380 25/01/2022 Ej.1 25/01/2022 Libro 3